000 00356 a2200157 4500
001 181065
020 _a
040 _cMagnum
100 _aOrthof, Sylvia
240 1 0 _aMais-que-perfeita adolescente
_lpor
245 1 0 _aMais-que-perfeita adolescente
362 0 _a1899
440 1 _aEdiouro
697 _aMAGNITO: J/ADOLESCENTE, NAMORO
942 _cBK
999 _c181065
_d181065